Islands by Satellite Image #6 - Statistics

General Stats
  • This quiz has been taken 134 times
  • The average score is 5 of 16
Answer Stats
Picture Answer % Correct
Saint Kitts
67%
Isle of Wight
62%
Grenada
54%
Oahu
49%
Palawan
46%
Santorini
43%
Jan Mayen
41%
Guam
31%
Halmahera
27%
Banks Island
26%
Okinawa
22%
Saint Helena
16%
São Tomé
16%
Bornholm
14%
Diego Garcia
14%
Alexander Island
11%
No matching quizzes found
Score Distribution
Percent of People with Each Score
Percentile by Number Answered
Your Score History
You have not taken this quiz